| 000 | 00851nam a2200253 i 4500 | ||
|---|---|---|---|
| 001 | 16505 | ||
| 003 | ES-MaACL | ||
| 005 | 20250820121626.0 | ||
| 007 | t| | ||
| 008 | 001013s2000 sp ||||1| spa d | ||
| 020 | _a84-931243-0-3 | ||
| 080 | _a821.134.2-82"19" | ||
| 100 | 1 |
_aBuñuel, Luis, _d1900-1983 _932559 |
|
| 245 | 1 | 0 |
_aEscritos de Luis Buñuel / _cLuis Buñuel ; prólogo de Jean-Claude Carrière ; edición e introducción a cargo de Manuel López Villegas. |
| 250 | _a2ª ed. | ||
| 260 |
_aMadrid : _bPáginas de Espuma, _c2000. |
||
| 300 |
_a288 p. : _bil. ; _c24 cm. |
||
| 490 | 1 |
_aFundidos en negro ; _v1 |
|
| 700 | 1 |
_aCarrière, Jean-Claude. _935743 |
|
| 700 | 1 |
_aLópez Villegas, Manuel, _d1970- _9165767 |
|
| 830 | 0 |
_aFundidos en negro ; _v1 _9186732 |
|
| 852 |
_aES-MaACL _jL-23630 _bR.128853 |
||
| 999 |
_c16505 _d16505 |
||